000 00968cam a22003137a 4500
003 CHAP
005 20220329134356.0
008 971013s1981 r 00010 d
010 _a19592
011 _a20564
035 _a24652
040 _cCHAP
082 _a519.9
_bA5
110 _aAmerican Statistical Association
_95309
245 1 4 _aThe writings of Leonard Jimmie Savage; a memorial selection
260 _aWashington,
_c1981
300 _a736 p
590 _aBATCH-UPD
_b10
_c20130109
_lUCH01
_h2346
590 _aBATCH-UPD
_b10
_c20130110
_lUCH01
_h1951
590 _aBATCH-UPD
_b10
_c20130410
_lUCH01
_h1313
590 _aBATCH-UPD
_b10
_c20130914
_lUCH01
_h1323
590 _aCONVERSION
_b10
_c20130109
_lUCH01
_h1312
650 1 4 _aEstadística.
_938241
650 1 4 _aProbabilidad.
_991685
700 0 _aSavage, Leonard Jimmie.
_9102777
901 _aBK
942 _cLIBRO
949 _a519.9 A5
_bBC
_cLIBRO
_d33724000157053
_eLIBRO
_h56438
_i24652
_mDirecto
_si
999 _c19592
_d19592